Statistics for Popular Boy Names In America #1

Click here to take the quiz!

General Stats

  • This quiz has been taken 5 times
  • The average score is 3 of 15

Answer Stats

LetterName% Correct
XXander
75%
FFrank
50%
VVictor
50%
CChristopher
25%
NNolan
25%
RRobert
25%
SSamuel
25%
ZZayn
25%
AAlexander
0%
BBrent
0%
DDonald
0%
EEmmanuel
0%
JJoshua
0%
MMarcus
0%
TTanner
0%

Score Distribution

Percentile by Number Answered

Percent of People with Each Score

Your Score History

You have not taken this quiz